Tilastot visalle Valtioita väkilukurajoitteiden mukaan - Laattavalinta

Klikkaa tästä pelataksesi tätä visaa!

Yleistilastot

  • Tätä visaa on pelattu 677 kertaa
  • Keskiarvotulos 35 / 48

Vastaustilastot

KysymysLaattaSelect% Oikein
joissa on yli 100 miljoonaa asukastaKreikkaEi
98%
joissa on yli 100 miljoonaa asukastaYhdysvallatKyllä
98%
joissa on yli 100 miljoonaa asukastaIntiaKyllä
97%
joissa on yli 100 miljoonaa asukastaEspanjaEi
96%
joissa on yli 100 miljoonaa asukastaPeruEi
95%
joissa on yli 100 miljoonaa asukastaBrasiliaKyllä
93%
joissa on yli 100 miljoonaa asukastaSaksaEi
91%
joissa on alle miljoona asukastaSan MarinoKyllä
91%
joissa on yli 100 miljoonaa asukastaIrakEi
90%
joissa on alle miljoona asukastaMonacoKyllä
89%
joissa on yli 100 miljoonaa asukastaRanskaEi
89%
joissa on alle miljoona asukastaTunisiaEi
89%
joissa on 1–10 miljoonaa asukastaTanskaKyllä
88%
joissa on alle miljoona asukastaNauruKyllä
87%
joissa on alle miljoona asukastaBotswanaEi
86%
joissa on yli 100 miljoonaa asukastaIndonesiaKyllä
86%
joissa on 10–100 miljoonaa asukastaAustraliaKyllä
83%
joissa on yli 100 miljoonaa asukastaNigeriaKyllä
83%
joissa on 1–10 miljoonaa asukastaIrlantiKyllä
82%
joissa on 1–10 miljoonaa asukastaSaint LuciaEi
82%
joissa on 10–100 miljoonaa asukastaArmeniaEi
81%
joissa on alle miljoona asukastaIslantiKyllä
81%
joissa on 10–100 miljoonaa asukastaQatarEi
80%
joissa on alle miljoona asukastaLiettuaEi
78%
joissa on alle miljoona asukastaEritreaEi
77%
joissa on alle miljoona asukastaJamaikaEi
77%
joissa on yli 100 miljoonaa asukastaPakistanKyllä
76%
joissa on alle miljoona asukastaRuandaEi
72%
joissa on 1–10 miljoonaa asukastaMaltaEi
69%
joissa on 10–100 miljoonaa asukastaNigerKyllä
68%
joissa on 1–10 miljoonaa asukastaUruguayKyllä
64%
joissa on 1–10 miljoonaa asukastaCosta RicaKyllä
61%
joissa on 10–100 miljoonaa asukastaMongoliaEi
61%
joissa on 1–10 miljoonaa asukastaChileEi
59%
joissa on 1–10 miljoonaa asukastaSingaporeKyllä
59%
joissa on 1–10 miljoonaa asukastaSyyriaEi
59%
joissa on 10–100 miljoonaa asukastaGhanaKyllä
56%
joissa on 1–10 miljoonaa asukastaRomaniaEi
54%
joissa on alle miljoona asukastaBhutanKyllä
53%
joissa on 1–10 miljoonaa asukastaSurinameEi
53%
joissa on alle miljoona asukastaBelizeKyllä
51%
joissa on 10–100 miljoonaa asukastaJapaniEi
51%
joissa on 10–100 miljoonaa asukastaEtiopiaEi
46%
joissa on 10–100 miljoonaa asukastaNepalKyllä
46%
joissa on 10–100 miljoonaa asukastaMeksikoEi
44%
joissa on 1–10 miljoonaa asukastaLibyaKyllä
41%
joissa on 10–100 miljoonaa asukastaMadagaskarKyllä
40%
joissa on 10–100 miljoonaa asukastaSri LankaKyllä
38%

Tulosjakauma

Persentiili vastausten määrän mukaan

Jokaisen tuloksen saaneiden osuus

Tuloshistoriasi

Et ole pelannut tätä visaa